|
|
|
|
| LEADER |
00912nab a2200253 i 4500 |
| 001 |
misc65158 |
| 005 |
20230511141422.0 |
| 008 |
230405s1963 hu o 0|| tur d |
| 040 |
|
|
|a SZTE Miscellanea Repozitórium
|b hun
|
| 041 |
|
|
|a tur
|
| 041 |
|
|
|a ara
|
| 100 |
1 |
|
|a Uzunçarşılı İsmail Hakkı
|
| 245 |
1 |
0 |
|a Orhan gazi'nin, vefat eden oğlu Süleyman paşa için tertip ettirdiği vakfiyenin aslı
|h [elektronikus dokumentum] /
|c Uzunçarşılı İsmail Hakkı
|
| 260 |
|
|
|a Türk Tarih Kurumu Basımevi
|b Ankara
|c 1963
|
| 300 |
|
|
|a 437-451
|c 24 cm
|
| 300 |
|
|
|a [15] p.
|c 24 cm
|
| 490 |
0 |
|
|a Belleten
|
| 561 |
|
|
|a Németh Gyula hagyaték
|
| 591 |
|
|
|a NOA 6268
|
| 650 |
|
4 |
|a Bölcsészettudományok
|
| 650 |
|
4 |
|a Történettudomány és régészet
|
| 650 |
|
4 |
|a Nyelvek és irodalom
|
| 695 |
|
|
|a Török nyelvemlék
|
| 856 |
4 |
0 |
|u http://misc.bibl.u-szeged.hu/65158/1/6268_noa.pdf
|z Dokumentum-elérés
|